| 000 | 01135cam a22003257a 4500 | ||
|---|---|---|---|
| 003 | CHAP | ||
| 005 | 20220329134350.0 | ||
| 008 | 971013s1968 r 00010 d | ||
| 010 | _a19401 | ||
| 011 | _a20373 | ||
| 035 | _a24461 | ||
| 040 | _cCHAP | ||
| 082 | 0 | 4 |
_a423.6 _bD52 |
| 245 | 0 | 3 | _aEl diccionario New World inglés-español, español-inglés |
| 260 |
_aNew York : _bSimon and Schuster, _c1968 |
||
| 300 | _a568 p. | ||
| 590 |
_aBATCH-UPD _b10 _c20130110 _lUCH01 _h0938 |
||
| 590 |
_aBATCH-UPD _b10 _c20130410 _lUCH01 _h0556 |
||
| 590 |
_aBATCH-UPD _b10 _c20130914 _lUCH01 _h1321 |
||
| 590 |
_aCONVERSION _b10 _c20130109 _lUCH01 _h1312 |
||
| 650 | 1 | 4 |
_aEspañol _xDiccionarios _xInglés. _937729 |
| 650 | 1 | 4 |
_aInglés _xDiccionarios _xEspañol. _958336 |
| 700 | 0 |
_aPei, Mario A. _986590 |
|
| 901 | _aBK | ||
| 942 | _cLIBRO | ||
| 949 |
_a423.6 D52 _bBC _cC _d-56323 _eC _fc.2 _gI.125174 _h64158 _i24461 _si |
||
| 949 |
_a423.6 D52 _bBC _cC _d-56325 _eC _fc.4 _gI.125176 _h64160 _i24461 _si |
||
| 949 |
_a423.6 D52 _bBC _cC _d33724000618484 _eC _gI.125173 _h64157 _i24461 _si |
||
| 949 |
_a423.6 D52 _bBC _cMUT _d-56324 _eMUT _fc.3 _gI.125175 _h64159 _i24461 _si |
||
| 999 |
_c19401 _d19401 |
||